Metropolitan and Micro Areas in Washington by Population - 2024 - Statistics

General Stats
  • This quiz has been taken 9 times
  • The average score is 15 of 21
Answer Stats
# Population Answer % Correct
3a 320,150 Kennewick-Pasco-Richland
100%
4a 307,000 Olympia-Lacey-Tumwater
100%
1a 4,197,800 Seattle-Tacoma-Bellevue
100%
2a 607,050 Spokane-Spokane Valley
100%
9a 127,450 Wenatchee-East Wenatchee
100%
6a 263,200 Yakima
100%
7a 238,000 Bellingham
88%
1b 105,300 Moses Lake
88%
11a 63,375 Walla Walla
88%
5a 286,100 Bremerton-Silverdale-Port Orchard
75%
7b 48,750 Pullman
75%
5b 77,400 Aberdeen
63%
10a 113,900 Longview-Kelso
63%
4b 78,550 Port Angeles
63%
8b 48,600 Ellensburg
50%
8a 133,300 Mount Vernon-Anacortes
50%
2b 88,650 Oak Harbor
50%
3b 84,950 Centralia
38%
10b 21,475 Othello
38%
9b 33,700 Port Townsend
38%
6b 67,475 Shelton
13%
No matching quizzes found
Score Distribution
Percent of People with Each Score
Percentile by Number Answered
Your Score History
You have not taken this quiz